Random Brand Logo Quiz #6 - Statistics

General Stats
  • This quiz has been taken 569 times
  • The average score is 21 of 25
Answer Stats
Picture Answer % Correct
Amazon
97%
Hello Kitty
97%
Pepsi
96%
Apple
95%
Burger King
95%
Lego
95%
McDonald's
95%
Snickers
94%
Cheetos
93%
Netflix
93%
Shell
93%
XBOX
93%
Tesla
91%
Ghostbusters
89%
JetPunk
88%
Hulu
87%
Audi
86%
Nissan
81%
The North Face
79%
Roblox
78%
Baskin Robbins
76%
Guess
60%
Goodyear
52%
Panera
50%
Qantas
47%
No matching quizzes found
Score Distribution
Percent of People with Each Score
Percentile by Number Answered
Your Score History
You have not taken this quiz